Les observateurs permanents à l'ONU - Statistiques

Statistiques générales
  • Ce quiz a été pris 28 fois
  • Le résultat moyen est 3 sur 29
Statistiques - réponses
Indice Initiale Réponse % Correct
Etat non membre V Vatican
96%
Etat non membre P Palestine
85%
Organisation intergouvernementale ayant un bureau permanent UE Union Européenne
42%
Organisation intergouvernementale ayant un bureau permanent CPI Cour Pénale Internationale
19%
Autre entité CIO Comité International Olympique
15%
Organisation intergouvernementale ayant un bureau permanent UA Union Africaine
15%
Organisation intergouvernementale ayant un bureau permanent OIF Organisation Internationale de la Francophonie
12%
Autre entité CICR Comité International de la Croix-Rouge
8%
Organisation intergouvernementale ayant un bureau permanent LEA Ligue des Etats Arabes
4%
Organisation intergouvernementale ayant un bureau permanent INTERPOL Organisation Internationale de Police Criminelle
4%
Organisation intergouvernementale ayant un bureau permanent AIFM Agence Internationale des Fonds Marins
0%
Organisation intergouvernementale ayant un bureau permanent AIER Agence Internationale pour les Energies Renouvelables
0%
Organisation intergouvernementale ayant un bureau permanent CARICOM Communauté économique des Caraïbes
0%
Organisation intergouvernementale ayant un bureau permanent CEDEAO Communauté économique des Etats de l'Afrique de l'Ouest
0%
Organisation intergouvernementale ayant un bureau permanent CCEAG Conseil de Coopération des Etats Arabes du Golfe
0%
Autre entité FISCRCR Fédération Internationale des Sociétés de la Croix-Rouge et du Croissant-Rouge
0%
Organisation intergouvernementale ayant un bureau permanent IIDAE Institut International pour la Démocratie et l'Assistance Electorale
0%
Autre entité OMSM Ordre Militaire Souverain de Malte
0%
Organisation intergouvernementale ayant un bureau permanent OACF Organisation Asiatique de Coopération Forestière
0%
Organisation intergouvernementale ayant un bureau permanent OCJA Organisation Consultative Juridique Afro-asiatique
0%
Organisation intergouvernementale ayant un bureau permanent OCI Organisation de la Coopération Islamique
0%
Organisation intergouvernementale ayant un bureau permanent OIDD Organisation Internationale de Droit du Développement
0%
Organisation intergouvernementale ayant un bureau permanent PDPD Partenaires dans le Domaine de la Population et du Développement
0%
Organisation intergouvernementale ayant un bureau permanent SC Secrétariat du Commonwealth
0%
Organisation intergouvernementale ayant un bureau permanent SIAC Système d'Intégration de l'Amérique Centrale
0%
Organisation intergouvernementale ayant un bureau permanent TIDM Tribunal International du Droit de la Mer
0%
Organisation intergouvernementale ayant un bureau permanent UIPNR Union Internationale pour la Conservation de la Nature et de ses Ressources
0%
Autre entité UI Union Interparlementaire
0%
Organisation intergouvernementale ayant un bureau permanent UP Université pour la Paix
0%
Aucun quiz correspondant
Distribution des résultats
% des personnes avec chaque résultat
Percentile par nombre de réponses
Votre historique - résultats
Vous n’avez pas pris ce quiz